[Event "1617LLO"]
[Site "Mecklenburg-Vorpommern"]
[Date "2016.11.06"]
[Round "2.6"]
[White "Kuehn, Peter"]
[Black "Klotzsche, Stefan"]
[Result "1-0"]
[WhiteElo "1793"]
[BlackElo "1753"]
[PlyCount "89"]
[EventDate "2016.11.06"]
[EventType "team-tourn"]
[EventRounds "9"]
[SourceDate "2016.10.16"]
[WhiteTeam "Waren/Malchow"]
[BlackTeam "Motor Wolgast"]

1. e4 Nf6 2. e5 Nd5 3. d4 d6 4. c4 Nb6 5. exd6 exd6 6. Nf3 Bg4 7. Be2 Be7 8.
O-O O-O 9. Qc2 Bf6 10. Be3 Nc6 11. Rd1 Re8 12. d5 Ne5 13. Nxe5 Bxe2 14. Qxe2
Bxe5 15. Na3 Na4 16. Rab1 f5 17. Qd2 Nc5 18. Bg5 Qd7 19. f3 Qf7 20. b4 Nd7 21.
Nb5 Nf8 22. f4 a6 23. fxe5 axb5 24. e6 Qh5 25. cxb5 h6 26. Be3 g5 27. Re1 Ng6
28. Bd4 Nf4 29. Ba1 Re7 30. Qd4 Kh7 31. Qf6 Ng6 32. Qxf5 Rxa2 33. Bf6 Re8 34.
e7 Re2 35. Rxe2 Qxe2 36. Qe6 Rxe7 37. Bxe7 Qxe6 38. dxe6 Nxe7 39. Rf1 Kg6 40.
Rf8 Nd5 41. Kf2 Kg7 42. Rf3 g4 43. Rf5 Nf6 44. e7 Ne8 45. Rf8 1-0

[Event "1617LLO"]
[Site "Mecklenburg-Vorpommern"]
[Date "2016.11.06"]
[Round "2.7"]
[White "Schubert, Volker"]
[Black "Schreiner, Wolfgang"]
[Result "1/2-1/2"]
[WhiteElo "1897"]
[BlackElo "1786"]
[PlyCount "47"]
[EventDate "2016.11.06"]
[EventType "team-tourn"]
[EventRounds "9"]
[SourceDate "2016.10.16"]
[WhiteTeam "Motor Wolgast"]
[BlackTeam "Waren/Malchow"]

1. d4 Nf6 2. c4 e6 3. g3 Bb4+ 4. Bd2 a5 5. a3 Bxd2+ 6. Nxd2 d5 7. Ngf3 Nbd7 8.
Bg2 O-O 9. O-O b6 10. Rc1 c5 11. cxd5 exd5 12. Re1 Re8 13. Qc2 Bb7 14. Nf1 Rc8
15. Qd1 Qe7 16. Ne3 Ne4 17. Nc2 Ndf6 18. Nd2 cxd4 19. Nxe4 dxe4 20. Qxd4 Qe6
21. Ne3 b5 22. Rxc8 Rxc8 23. Rd1 h6 24. h3 1/2-1/2

[Event "1617LLO"]
[Site "Mecklenburg-Vorpommern"]
[Date "2016.11.06"]
[Round "2.8"]
[White "Lotz, Robert"]
[Black "Schellner, Ulf"]
[Result "1-0"]
[WhiteElo "1657"]
[BlackElo "1630"]
[PlyCount "101"]
[EventDate "2016.11.06"]
[EventType "team-tourn"]
[EventRounds "9"]
[SourceDate "2016.10.16"]
[WhiteTeam "Waren/Malchow"]
[BlackTeam "Motor Wolgast"]

1. e4 e5 2. Nf3 Nc6 3. Bc4 Bc5 4. O-O Nf6 5. c3 O-O 6. d4 exd4 7. cxd4 Bb6 8.
e5 Ne4 9. Bd5 Nxf2 10. Rxf2 d6 11. Bxc6 bxc6 12. Be3 Bg4 13. h3 Bxf3 14. Qxf3
dxe5 15. dxe5 Qd5 16. Nc3 Qxe5 17. Bxb6 cxb6 18. Qxc6 Rae8 19. Qf3 Re6 20. Re2
Qc5+ 21. Kh1 Rxe2 22. Qxe2 h6 23. Rd1 Qc6 24. Rd5 Re8 25. Qd2 Qf6 26. Ne2 Qf1+
27. Ng1 Re1 28. Rd8+ Kh7 29. Qd3+ Qxd3 30. Rxd3 Rb1 31. Rb3 g5 32. Kh2 Kg6 33.
Rb5 f6 34. Nf3 Rd1 35. a4 Rd6 36. a5 bxa5 37. Rxa5 a6 38. Rc5 Rb6 39. Rc2 h5
40. g3 Rd6 41. Kg2 Rb6 42. Kf2 Kf5 43. Nd2 Kg6 44. b3 f5 45. Rc3 Rd6 46. Nc4
Re6 47. Na5 Kf6 48. Rc6 Ke5 49. Rxe6+ Kxe6 50. h4 g4 51. Ke3 1-0

[Event "1617LLO"]
[Site "Mecklenburg-Vorpommern"]
[Date "2016.11.13"]
[Round "3.1"]
[White "Stork, Michael"]
[Black "Manke, Karsten"]
[Result "1/2-1/2"]
[WhiteElo "2021"]
[BlackElo "1746"]
[PlyCount "77"]
[EventDate "2016.11.06"]
[EventType "team-tourn"]
[EventRounds "9"]
[SourceDate "2016.10.16"]
[WhiteTeam "Waren/Malchow"]
[BlackTeam "FHSG Stralsund II"]

1. Nf3 d5 2. d4 Nf6 3. c4 e6 4. Nc3 c6 5. Bg5 Be7 6. e3 Nbd7 7. Rc1 Ne4 8. Bxe7
Qxe7 9. Bd3 f5 10. O-O O-O 11. Qc2 Kh8 12. a3 Nxc3 13. Qxc3 Qf6 14. Rfe1 g5 15.
cxd5 exd5 16. Nd2 Qg7 17. Kh1 Nf6 18. Nf3 Ne4 19. Qc2 Be6 20. Ne5 g4 21. f4 Qh6
22. Bxe4 fxe4 23. g3 Qf6 24. Qe2 Rg8 25. b4 a6 26. a4 Qe7 27. Rb1 h5 28. Rf1
Bf5 29. Rf2 Rg7 30. Kg1 Rag8 31. Qc2 Rh7 32. Qc5 Qxc5 33. bxc5 Rgg7 34. Rfb2
Rc7 35. a5 Rhe7 36. Rb6 Kg7 37. Kf2 Kf8 38. R1b2 Ke8 39. Kg2 1/2-1/2

[Event "1617LLO"]
[Site "Mecklenburg-Vorpommern"]
[Date "2016.11.13"]
[Round "3.2"]
[White "Vietinghoff, Klaus"]
[Black "Schumacher, Albrecht"]
[Result "1/2-1/2"]
[WhiteElo "1707"]
[BlackElo "1961"]
[PlyCount "78"]
[EventDate "2016.11.06"]
[EventType "team-tourn"]
[EventRounds "9"]
[SourceDate "2016.10.16"]
[WhiteTeam "FHSG Stralsund II"]
[BlackTeam "Waren/Malchow"]

1. f4 Nf6 2. d4 d5 3. e3 Bg4 4. Nf3 e6 5. c3 Be7 6. Bd3 O-O 7. O-O c5 8. Nbd2
Nc6 9. Qe1 Bxf3 10. Rxf3 g6 11. Qe2 a6 12. Rh3 Nd7 13. g4 f5 14. g5 b5 15. Nf3
c4 16. Bc2 b4 17. Bd2 Rb8 18. Ba4 Qc7 19. Qe1 bxc3 20. Bxc3 Rf7 21. a3 Rg7 22.
Kh1 Nd8 23. Bxd7 Qxd7 24. Rg3 Nf7 25. h4 Nd6 26. Nd2 Ne4 27. Nxe4 fxe4 28. Qe2
Qe8 29. Qg4 Qf7 30. Rh3 Qf5 31. Qxf5 exf5 32. h5 Bd6 33. hxg6 hxg6 34. Kg2 Rh7
35. Rxh7 Kxh7 36. Kg3 Kg7 37. Kg2 Rh8 38. Rh1 Rb8 39. Ra1 Rb3 1/2-1/2

[Event "1617LLO"]
[Site "Mecklenburg-Vorpommern"]
[Date "2016.11.13"]
[Round "3.3"]
[White "Arning, Norbert"]
[Black "Vlach, Michael"]
[Result "1-0"]
[WhiteElo "1939"]
[BlackElo "1583"]
[PlyCount "99"]
[EventDate "2016.11.06"]
[EventType "team-tourn"]
[EventRounds "9"]
[SourceDate "2016.10.16"]
[WhiteTeam "Waren/Malchow"]
[BlackTeam "FHSG Stralsund II"]

1. e4 e6 2. d4 c5 3. d5 exd5 4. exd5 Nf6 5. c4 d6 6. Nc3 Bf5 7. Bd3 Bg6 8. Bxg6
hxg6 9. Nf3 Be7 10. O-O O-O 11. Re1 a6 12. a4 Nbd7 13. b3 Rb8 14. h3 Nh7 15.
Qd3 Bf6 16. Bf4 Ne5 17. Nxe5 dxe5 18. Bxe5 Rc8 19. Rad1 Bxe5 20. Rxe5 Qd6 21.
Rde1 Nf6 22. R1e3 b6 23. g4 Rcd8 24. Qe2 Qd7 25. Qf3 Rde8 26. Rxe8 Rxe8 27.
Rxe8+ Nxe8 28. Qf4 Qd6 29. Qxd6 Nxd6 30. f4 f5 31. Kf2 Kf7 32. Ke3 Ke7 33. g5
Nb7 34. Na2 Nd6 35. Nc3 Nb7 36. Kd3 Nd6 37. Kc2 Kd7 38. Kd3 Ke7 39. Ke3 Nb7 40.
Ne2 Nd6 41. Nc1 b5 42. cxb5 axb5 43. a5 Kd7 44. Nd3 c4 45. Ne5+ Kc7 46. bxc4 b4
47. Kd4 Ne4 48. c5 b3 49. Nd3 Nf2 50. Kc3 1-0

[Event "1617LLO"]
[Site "Mecklenburg-Vorpommern"]
[Date "2016.11.13"]
[Round "3.4"]
[White "Klinger, Clemens"]
[Black "Schmidt, Joerg"]
[Result "1-0"]
[WhiteElo "1566"]
[BlackElo "1878"]
[PlyCount "55"]
[EventDate "2016.11.06"]
[EventType "team-tourn"]
[EventRounds "9"]
[SourceDate "2016.10.16"]
[WhiteTeam "FHSG Stralsund II"]
[BlackTeam "Waren/Malchow"]

1. e4 c5 2. Nf3 d6 3. Nc3 Nf6 4. d4 cxd4 5. Nxd4 a6 6. Be2 e6 7. O-O Be7 8. Be3
Qc7 9. f4 b5 10. a3 Bb7 11. Bf3 Nbd7 12. f5 e5 13. Nb3 Nc5 14. Rc1 Ncxe4 15.
Nxe4 Nxe4 16. Bxe4 Bxe4 17. Qg4 Bd5 18. Nd2 Bc4 19. Rfe1 f6 20. b3 Bf7 21. c4
Qb7 22. Red1 g5 23. Ne4 Rd8 24. Qf3 d5 25. cxd5 Bxd5 26. Qh5+ Bf7 27. Rxd8+
Bxd8 28. Nd6+ 1-0

[Event "1617LLO"]
[Site "Mecklenburg-Vorpommern"]
[Date "2016.11.13"]
[Round "3.5"]
[White "Hertel Mach, Frank"]
[Black "Boettner, Oliver"]
[Result "1-0"]
[WhiteElo "1807"]
[BlackElo "1412"]
[PlyCount "114"]
[EventDate "2016.11.06"]
[EventType "team-tourn"]
[EventRounds "9"]
[SourceDate "2016.10.16"]
[WhiteTeam "Waren/Malchow"]
[BlackTeam "FHSG Stralsund II"]

1. e4 c5 2. f4 e6 3. Nf3 Nc6 4. d3 b5 5. Be2 Bb7 6. O-O Qc7 7. Qe1 d6 8. Nc3 a6
9. Be3 Nf6 10. Qg3 O-O-O 11. h3 Be7 12. Qf2 g6 13. a3 Nh5 14. Na2 f5 15. b4 Kb8
16. bxc5 dxc5 17. e5 Nd4 18. Nxd4 cxd4 19. Bd2 Qxc2 20. Ba5 Nxf4 21. Qxf4 Qxe2
22. Rf2 Qxd3 23. Bxd8 Bxd8 24. Nb4 Qe3 25. Rc1 Qxf4 26. Rxf4 Bb6 27. Kf1 d3 28.
Nc6+ Ka8 29. Nd4 Rd8 (29... g5 $1) 30. Nxe6 Re8 (30... Rc8 31. Nc7+ Bxc7) (
30... d2 $1) 31. Nc7+ Bxc7 32. Rxc7 Rxe5 33. Rd4 Rd5 34. Rxd5 Bxd5 35. Rxh7 Be4
36. Kf2 d2 37. Rd7 Kb8 38. Rxd2 Kc7 39. Ke3 Kc6 40. Kd4 g5 41. Ke5 Kc5 42. g4
fxg4 43. Kxe4 gxh3 44. Rc2+ Kb6 45. Kf5 Ka5 46. Kxg5 Ka4 47. Rc3 h2 48. Rh3 a5
49. Kf4 h1=Q 50. Rxh1 Kxa3 51. Ra1+ Kb4 52. Ke4 a4 53. Kd3 Kb3 54. Rb1+ Ka2 55.
Rxb5 a3 56. Kc2 Ka1 57. Rb1+ Ka2 1-0

[Event "1617LLO"]
[Site "Mecklenburg-Vorpommern"]
[Date "2016.11.13"]
[Round "3.6"]
[White "Jabbusch, Burkhard"]
[Black "Kuehn, Peter"]
[Result "1-0"]
[WhiteElo "1587"]
[BlackElo "1793"]
[PlyCount "85"]
[EventDate "2016.11.06"]
[EventType "team-tourn"]
[EventRounds "9"]
[SourceDate "2016.10.16"]
[WhiteTeam "FHSG Stralsund II"]
[BlackTeam "Waren/Malchow"]

1. f4 d5 2. Nf3 c5 3. d3 Nc6 4. e3 g6 5. Nbd2 Bg7 6. e4 e6 7. g3 Nge7 8. Bg2
O-O 9. c3 b6 10. Qc2 Bb7 11. b3 Rc8 12. Bb2 Qc7 13. O-O Qb8 14. a3 d4 15. c4
Rcd8 16. Rae1 h6 17. Bc1 Qc7 18. Nb1 a6 19. Bh3 Bc8 20. Nh4 f5 21. Qg2 Kh7 22.
g4 fxg4 23. Bxg4 Bf6 24. Qh3 Rh8 25. f5 gxf5 $2 26. exf5 Rdg8 27. Ng6 Kg7 28.
Nxh8 Rxh8 29. fxe6 Ng6 30. Bf5 Nce7 31. Re2 Nxf5 32. Qxf5 Rf8 33. Rg2 Bg5 34.
Qg4 Rxf1+ 35. Kxf1 Bb7 36. Rf2 Ne5 37. Qg3 Qc6 38. Bxg5 Qh1+ 39. Ke2 Bf3+ 40.
Rxf3 Nxf3 41. Bh4+ Ng5 42. Bxg5 Qxb1 43. Bh4+ 1-0

[Event "1617LLO"]
[Site "Mecklenburg-Vorpommern"]
[Date "2016.11.13"]
[Round "3.8"]
[White "Witt, Winfried"]
[Black "Zwerg, Kelvin"]
[Result "1/2-1/2"]
[WhiteElo "1518"]
[BlackElo "1626"]
[PlyCount "27"]
[EventDate "2016.11.06"]
[EventType "team-tourn"]
[EventRounds "9"]
[SourceDate "2016.10.16"]
[WhiteTeam "FHSG Stralsund II"]
[BlackTeam "Waren/Malchow"]

1. c4 Nf6 2. Nc3 c6 3. g3 d5 4. cxd5 cxd5 5. d4 e6 6. Bg2 Bd6 7. Nf3 Nc6 8. O-O
a6 9. a3 b5 10. b4 Nd7 11. Qc2 Nb6 12. e4 dxe4 13. Nxe4 Bb7 14. Nc5 1/2-1/2

[Event "1617LLO"]
[Site "Mecklenburg-Vorpommern"]
[Date "2016.11.20"]
[Round "3.1"]
[White "Burwitz, Joerg"]
[Black "Reinke, Thomas"]
[Result "1/2-1/2"]
[WhiteElo "1753"]
[BlackElo "1876"]
[PlyCount "27"]
[EventDate "2016.11.06"]
[EventType "team-tourn"]
[EventRounds "9"]
[SourceDate "2016.10.16"]
[WhiteTeam "RUGIA Bergen"]
[BlackTeam "Motor Wolgast"]

1. d4 f5 2. e4 fxe4 3. Nc3 Nf6 4. Bg5 e6 5. Nxe4 Be7 6. Bxf6 Bxf6 7. Nf3 b6 8.
Bd3 Ba6 9. c3 Bxd3 10. Qxd3 O-O 11. O-O-O Qe7 12. Rhe1 d6 13. Re2 Nd7 14. Qc4
1/2-1/2

[Event "1617LLO"]
[Site "Mecklenburg-Vorpommern"]
[Date "2016.11.20"]
[Round "3.2"]
[White "Riebort, Frank"]
[Black "Pawlick, Helmut"]
[Result "1-0"]
[WhiteElo "1878"]
[BlackElo "1830"]
[PlyCount "75"]
[EventDate "2016.11.06"]
[EventType "team-tourn"]
[EventRounds "9"]
[SourceDate "2016.10.16"]
[WhiteTeam "Motor Wolgast"]
[BlackTeam "RUGIA Bergen"]

1. d4 Nf6 2. c4 c5 3. d5 e6 4. Nc3 exd5 5. cxd5 d6 6. e4 g6 7. Bd3 Bg7 8. h3
O-O 9. Nf3 Re8 10. O-O a6 11. a4 Nbd7 12. Bf4 Qc7 13. Re1 b6 14. Qd2 Bb7 15.
Re2 Re7 16. Rae1 Rae8 17. Bc2 Nh5 18. Bh2 Ne5 19. Nxe5 Bxe5 20. Bxe5 Rxe5 21.
f4 R5e7 22. g4 Ng7 23. e5 Kh8 24. Ne4 Rd8 25. exd6 Rxd6 26. Nxd6 Rxe2 27. Rxe2
Qxd6 28. Be4 h5 29. Bf3 hxg4 30. hxg4 Kg8 31. Qe3 Qf6 32. Qe5 Qd8 33. Qe7 Qb8
34. Kg2 Qa8 35. Rd2 Qc8 36. Kg3 Ba8 37. d6 Bxf3 38. d7 1-0

[Event "1617LLO"]
[Site "Mecklenburg-Vorpommern"]
[Date "2016.11.20"]
[Round "3.3"]
[White "Pawlowicz, Karsten"]
[Black "Klotzsche, Stefan"]
[Result "0-1"]
[WhiteElo "1631"]
[BlackElo "1753"]
[PlyCount "80"]
[EventDate "2016.11.06"]
[EventType "team-tourn"]
[EventRounds "9"]
[SourceDate "2016.10.16"]
[WhiteTeam "RUGIA Bergen"]
[BlackTeam "Motor Wolgast"]

1. e4 d6 2. d4 Nf6 3. Nc3 e5 4. dxe5 dxe5 5. Qxd8+ Kxd8 6. Bc4 Be6 7. Bxe6 fxe6
8. Bg5 c6 9. O-O-O+ Kc7 10. f3 Nbd7 11. Be3 b5 12. Nh3 h6 13. Nf2 Be7 14. Nd3
a5 15. Kd2 a4 16. a3 g5 17. g4 Ne8 18. Ke2 Nd6 19. Nc5 Nxc5 20. Bxc5 Rh7 21.
Bxd6+ Bxd6 22. h4 gxh4 23. Rxh4 Be7 24. Rhh1 b4 25. axb4 Bxb4 26. Na2 Be7 27.
Rd3 Rb8 28. b3 axb3 29. cxb3 Ba3 30. Kd2 Bb2 31. Kc2 Bd4 32. Nc1 c5 33. Rh5 Kc6
34. Rd1 c4 35. Rdh1 Kd6 36. bxc4 Rb2+ 37. Kd3 Ra7 38. c5+ Kxc5 39. Nb3+ Rxb3+
40. Kc2 Rb2+ 0-1

[Event "1617LLO"]
[Site "Mecklenburg-Vorpommern"]
[Date "2016.11.20"]
[Round "3.4"]
[White "Schubert, Volker"]
[Black "Scheel, Manfred"]
[Result "1/2-1/2"]
[WhiteElo "1897"]
[BlackElo "1676"]
[PlyCount "49"]
[EventDate "2016.11.06"]
[EventType "team-tourn"]
[EventRounds "9"]
[SourceDate "2016.10.16"]
[WhiteTeam "Motor Wolgast"]
[BlackTeam "RUGIA Bergen"]

1. d4 d5 2. c4 Nf6 3. cxd5 Qxd5 4. Nc3 Qd8 5. Bf4 c6 6. e4 e6 7. Nf3 Bb4 8. Bd3
Nbd7 9. O-O h6 10. a3 Ba5 11. Rc1 O-O 12. Qe2 Re8 13. Rfd1 Nb8 14. Bb1 Bc7 15.
Bxc7 Qxc7 16. e5 Nd5 17. Ne4 Qe7 18. g3 Rd8 19. h4 Bd7 20. h5 Be8 21. Nd6 f5
22. Nxe8 Qxe8 23. Nh4 Rd7 24. g4 Qe7 25. Ng2 1/2-1/2

[Event "1617LLO"]
[Site "Mecklenburg-Vorpommern"]
[Date "2016.11.20"]
[Round "3.5"]
[White "Behrens, Christoph"]
[Black "Schellner, Ulf"]
[Result "1/2-1/2"]
[WhiteElo "1583"]
[BlackElo "1630"]
[PlyCount "35"]
[EventDate "2016.11.06"]
[EventType "team-tourn"]
[EventRounds "9"]
[SourceDate "2016.10.16"]
[WhiteTeam "RUGIA Bergen"]
[BlackTeam "Motor Wolgast"]

1. e4 e5 2. Nf3 Nc6 3. Bb5 g6 4. d3 Bg7 5. O-O Nge7 6. Be3 O-O 7. Qd2 d6 8. Bh6
Bg4 9. Bxg7 Kxg7 10. Ne1 h6 11. h3 Be6 12. c3 a6 13. Bxc6 Nxc6 14. d4 exd4 15.
cxd4 d5 16. e5 Qe7 17. Nf3 Rac8 18. Nc3 1/2-1/2

[Event "1617LLO"]
[Site "Mecklenburg-Vorpommern"]
[Date "2016.11.20"]
[Round "3.6"]
[White "Zimmermann, Frank"]
[Black "Jepp, Wolfgang"]
[Result "1/2-1/2"]
[WhiteElo "1622"]
[BlackElo "1501"]
[PlyCount "90"]
[EventDate "2016.11.06"]
[EventType "team-tourn"]
[EventRounds "9"]
[SourceDate "2016.10.16"]
[WhiteTeam "Motor Wolgast"]
[BlackTeam "RUGIA Bergen"]

1. e4 c5 2. Nf3 Nc6 3. g3 Nf6 4. d3 d6 5. Bg2 e6 6. O-O Be7 7. Bg5 h6 8. Bxf6
Bxf6 9. c3 O-O 10. Nbd2 Rb8 11. Re1 b5 12. Rb1 a5 13. Nf1 Qc7 14. d4 c4 15. Ne3
Rd8 16. Qc1 Be7 17. Ng4 e5 18. Ne3 exd4 19. Nxd4 Nxd4 20. cxd4 Bb7 21. b3 c3
22. b4 axb4 23. Rxb4 Ba8 24. Qc2 d5 25. Rb3 b4 26. exd5 Bf6 27. Rd1 Qa7 28. a3
Bxd4 29. axb4 Bxe3 30. fxe3 Qxe3+ 31. Kf1 Qe5 32. Qxc3 Qxc3 33. Rxc3 Rxb4 34.
d6 Bxg2+ 35. Kxg2 Rb7 36. Rc7 Rbb8 37. d7 Kf8 38. Re1 Rb2+ 39. Kf3 Rd2 40. h4
R2xd7 41. Rxd7 Rxd7 42. Kg4 g6 43. Kf4 f5 44. h5 Kf7 45. hxg6+ Kxg6 1/2-1/2

[Event "1617LLO"]
[Site "Mecklenburg-Vorpommern"]
[Date "2016.11.20"]
[Round "3.7"]
[White "Feldt, Horst"]
[Black "Ploch, Gregor"]
[Result "1/2-1/2"]
[WhiteElo "1580"]
[BlackElo "1660"]
[PlyCount "45"]
[EventDate "2016.11.06"]
[EventType "team-tourn"]
[EventRounds "9"]
[SourceDate "2016.10.16"]
[WhiteTeam "RUGIA Bergen"]
[BlackTeam "Motor Wolgast"]

1. d4 Nf6 2. c4 c5 3. d5 b5 4. e3 bxc4 5. Bxc4 g6 6. Nf3 d6 7. Nc3 Bg7 8. O-O
O-O 9. Qc2 Nbd7 10. b3 Nb6 11. Bb2 Bb7 12. e4 a5 13. Rfe1 a4 14. Nxa4 Nxa4 15.
bxa4 Qa5 16. Bb3 Rfb8 17. Nd2 Ba6 18. Nc4 Bxc4 19. Qxc4 Nd7 20. Bxg7 Kxg7 21.
Rab1 Nb6 22. Qb5 Nxa4 23. Qxa5 1/2-1/2

[Event "1617LLO"]
[Site "Mecklenburg-Vorpommern"]
[Date "2016.11.20"]
[Round "3.1"]
[White "Schwarz, Eckhard"]
[Black "Luethke, Hans Eckart"]
[Result "0-1"]
[WhiteElo "1854"]
[BlackElo "2099"]
[PlyCount "44"]
[EventDate "2016.11.06"]
[EventType "team-tourn"]
[EventRounds "9"]
[SourceDate "2016.10.16"]
[WhiteTeam "Waterkant Saal"]
[BlackTeam "SSC Graal-Mueritz"]

1. c4 e6 2. Nc3 d5 3. e3 Nf6 4. d4 Be7 5. Nf3 O-O 6. Be2 dxc4 7. Bxc4 b6 8. O-O
Bb7 9. a3 Nbd7 10. Ba2 c5 11. d5 exd5 12. Nxd5 Bd6 13. Re1 Ne5 14. e4 Nxd5 15.
Nxe5 Bxe5 16. exd5 Bd4 17. Qf3 Qd7 18. Bg5 Rfe8 19. Rad1 Rxe1+ 20. Rxe1 Re8 21.
Re4 h6 22. Bb1 hxg5 0-1

[Event "1617LLO"]
[Site "Mecklenburg-Vorpommern"]
[Date "2016.11.20"]
[Round "3.2"]
[White "Van Bentum, Horst"]
[Black "Wiese, Frank"]
[Result "1/2-1/2"]
[WhiteElo "1945"]
[BlackElo "1900"]
[PlyCount "29"]
[EventDate "2016.11.06"]
[EventType "team-tourn"]
[EventRounds "9"]
[SourceDate "2016.10.16"]
[WhiteTeam "SSC Graal-Mueritz"]
[BlackTeam "Waterkant Saal"]

1. Nf3 Nf6 2. b3 g6 3. Bb2 Bg7 4. e4 d6 5. Be2 b6 6. O-O O-O 7. d3 Bb7 8. Nbd2
Nbd7 9. a4 a5 10. Nc4 e5 11. Nfd2 Bh6 12. Bc1 Nc5 13. Nf3 Bg7 14. Be3 Ne6 15.
Qd2 1/2-1/2

[Event "1617LLO"]
[Site "Mecklenburg-Vorpommern"]
[Date "2016.11.20"]
[Round "3.3"]
[White "Onasch, Gunnar"]
[Black "Laser, Dirk"]
[Result "1/2-1/2"]
[WhiteElo "1804"]
[BlackElo "1805"]
[PlyCount "68"]
[EventDate "2016.11.06"]
[EventType "team-tourn"]
[EventRounds "9"]
[SourceDate "2016.10.16"]
[WhiteTeam "Waterkant Saal"]
[BlackTeam "SSC Graal-Mueritz"]

1. d4 Nf6 2. c4 g6 3. Nc3 Bg7 4. e4 d6 5. f3 O-O 6. Be3 Nc6 7. Nge2 Rb8 8. Qd2
a6 9. h4 h5 10. Nc1 e5 11. d5 Nd4 12. Nb3 Nxb3 13. axb3 Bd7 14. Be2 Qc8 15. b4
Rd8 16. O-O Bf8 17. Rfc1 Nh7 18. c5 Be7 19. Na4 Bxa4 20. Rxa4 Qd7 21. c6 bxc6
22. Rxc6 Bxh4 23. Qc2 Qe7 24. Rxc7 Qf6 25. Rxa6 Bg3 26. Bf2 Bxf2+ 27. Kxf2 Rxb4
28. Bf1 Ng5 29. Rc4 Rdb8 30. Rxb4 Rxb4 31. Kg1 h4 32. Ra8+ Kh7 33. Qc8 h3 34.
Qg4 Kg7 1/2-1/2

[Event "1617LLO"]
[Site "Mecklenburg-Vorpommern"]
[Date "2016.11.20"]
[Round "3.4"]
[White "Lechnauer, Uwe"]
[Black "Richter, Frank"]
[Result "1-0"]
[WhiteElo "1765"]
[BlackElo "1691"]
[PlyCount "61"]
[EventDate "2016.11.06"]
[EventType "team-tourn"]
[EventRounds "9"]
[SourceDate "2016.10.16"]
[WhiteTeam "SSC Graal-Mueritz"]
[BlackTeam "Waterkant Saal"]

1. e4 c6 2. Nc3 d5 3. Nf3 Bg4 4. h3 Bxf3 5. Qxf3 d4 6. Bc4 e6 7. Ne2 Nf6 8. d3
Be7 9. Bd2 Qd6 10. a3 e5 11. Ng3 g6 12. Bb4 Qc7 13. Bd2 h6 14. h4 Nbd7 15. h5
g5 16. Nf5 Bf8 17. g4 b5 18. Bb3 c5 19. c4 a6 20. cxb5 axb5 21. Rc1 Qb6 22. Ke2
Qb8 23. Rc2 Qb6 24. Rhc1 Rd8 25. Ba2 Qa7 26. Bb3 Qa6 27. a4 c4 28. dxc4 Nc5 29.
Ke1 Nxb3 30. Qxb3 Nxe4 31. Qxb5+ 1-0

[Event "1617LLO"]
[Site "Mecklenburg-Vorpommern"]
[Date "2016.11.20"]
[Round "3.6"]
[White "Micheel, Peter"]
[Black "Ehmann, Roland"]
[Result "1/2-1/2"]
[WhiteElo "1697"]
[BlackElo "1540"]
[PlyCount "29"]
[EventDate "2016.11.06"]
[EventType "team-tourn"]
[EventRounds "9"]
[SourceDate "2016.10.16"]
[WhiteTeam "SSC Graal-Mueritz"]
[BlackTeam "Waterkant Saal"]

1. e4 e5 2. Nf3 Nf6 3. Nxe5 d6 4. Nf3 Nxe4 5. Nc3 Nxc3 6. dxc3 Be7 7. Bd3 O-O
8. Be3 Nc6 9. Qd2 Bg4 10. O-O-O Ne5 11. Be2 Be6 12. Nxe5 dxe5 13. Qe1 Qc8 14.
Kb1 Rd8 15. h4 1/2-1/2

[Event "1617LLO"]
[Site "Mecklenburg-Vorpommern"]
[Date "2016.11.20"]
[Round "3.7"]
[White "Nickel, Udo"]
[Black "Hausmann, Ulrich"]
[Result "1/2-1/2"]
[WhiteElo "1633"]
[BlackElo "1597"]
[PlyCount "44"]
[EventDate "2016.11.06"]
[EventType "team-tourn"]
[EventRounds "9"]
[SourceDate "2016.10.16"]
[WhiteTeam "Waterkant Saal"]
[BlackTeam "SSC Graal-Mueritz"]

1. d4 d6 2. c4 e6 3. Nc3 Nf6 4. Bg5 Be7 5. Nf3 Bd7 6. e3 h6 7. Bh4 Nh7 8. Bxe7
Qxe7 9. Qb3 b6 10. a4 O-O 11. Be2 Ng5 12. Nxg5 Qxg5 13. Bf3 Bc6 14. Bxc6 Nxc6
15. O-O a6 16. Rfd1 Ne7 17. Qc2 f5 18. Ne2 Ng6 19. Qd2 f4 20. exf4 Nxf4 21.
Nxf4 Qxf4 22. Qxf4 Rxf4 1/2-1/2

[Event "1617LLO"]
[Site "Mecklenburg-Vorpommern"]
[Date "2016.11.20"]
[Round "3.8"]
[White "Mueggenburg, Rolf"]
[Black "Hiltner, Harald"]
[Result "1/2-1/2"]
[WhiteElo "1511"]
[BlackElo "1518"]
[PlyCount "29"]
[EventDate "2016.11.06"]
[EventType "team-tourn"]
[EventRounds "9"]
[SourceDate "2016.10.16"]
[WhiteTeam "SSC Graal-Mueritz"]
[BlackTeam "Waterkant Saal"]

1. Nf3 d5 2. d4 Nc6 3. g3 Nf6 4. Bg2 e6 5. O-O Be7 6. c3 O-O 7. Bg5 Ne4 8. Bxe7
Nxe7 9. Qd3 Ng6 10. Nbd2 Nxd2 11. Qxd2 Qd6 12. Rfe1 c6 13. e4 dxe4 14. Rxe4 Bd7
15. Rd1 1/2-1/2

[Event "1617LLO"]
[Site "Mecklenburg-Vorpommern"]
[Date "2016.11.20"]
[Round "3.1"]
[White "Ryll, Detlef"]
[Black "Moeller, Peter"]
[Result "1/2-1/2"]
[WhiteElo "1764"]
[BlackElo "1962"]
[PlyCount "39"]
[EventDate "2016.11.06"]
[EventType "team-tourn"]
[EventRounds "9"]
[SourceDate "2016.10.16"]
[WhiteTeam "SSC Rostock III"]
[BlackTeam "HSG Uni Rostock"]

1. e4 c6 2. d4 d5 3. exd5 cxd5 4. Bd3 Nc6 5. c3 g6 6. Nf3 Bg7 7. O-O Nh6 8. Bf4
O-O 9. Nbd2 f6 10. c4 dxc4 11. Bxc4+ Kh8 12. Nb3 Nf7 13. Re1 Nd6 14. Be2 Nb4
15. a3 Nd5 16. Bc1 Be6 17. Nc5 Bg8 18. Bd3 b6 19. Ne6 Bxe6 20. Rxe6 1/2-1/2

[Event "1617LLO"]
[Site "Mecklenburg-Vorpommern"]
[Date "2016.11.20"]
[Round "3.2"]
[White "Hammel, Ralf"]
[Black "Wurst, Maximilian"]
[Result "1-0"]
[WhiteElo "1928"]
[BlackElo "1659"]
[PlyCount "45"]
[EventDate "2016.11.06"]
[EventType "team-tourn"]
[EventRounds "9"]
[SourceDate "2016.10.16"]
[WhiteTeam "HSG Uni Rostock"]
[BlackTeam "SSC Rostock III"]

1. e4 e5 2. Nf3 Nc6 3. Nc3 Nf6 4. Bb5 Bc5 5. Nxe5 Bxf2+ 6. Kxf2 Nxe5 7. d4
Neg4+ 8. Kg1 c6 9. Be2 d6 10. h3 Nh6 11. Bxh6 gxh6 12. Qd2 h5 13. Rf1 Rg8 14.
Qf4 Be6 15. Qxf6 Qxf6 16. Rxf6 Ke7 17. Rf2 Rg5 18. Kh2 Rag8 19. Rhf1 h4 20. d5
cxd5 21. exd5 Bxd5 22. Nxd5+ Rxd5 23. Rxf7+ 1-0